[Event "Oslo Chess Festival 2017"]
[Site "Oslo"]
[Date "2017.09.29"]
[Round "1"]
[White "Vovk, Andriy"]
[Black "Roque Sola, Andrea"]
[Result "1-0"]
[WhiteElo "2622"]
[BlackElo "1900"]
[Annotator "TA"]
[PlyCount "37"]
[EventDate "2017.??.??"]
[EventType "swiss"]
[EventCountry "NOR"]
[SourceTitle "playchess.com"]
[Source "ChessBase"]
[SourceQuality "1"]

{[%evp 12,37,60,27,56,51,50,25,27,37,31,26,96,6,124,104,124,96,447,429,422,422,766,769,1294,329,1258,1219]} 1. e4 e6 2. d4 d5 3. Nd2 dxe4 4. Nxe4 Nf6 5. Nxf6+ Qxf6 6. Nf3 h6 7. Be3 {LiveBook: 6 Games} Nd7 {C10: French with 3 Nc3: Unusual Black 3rd moves and 3...dxe4} 8. Bd3 Bd6 9. Qd2 O-O {White has an edge.} (9... b6 10. Be4 Rb8 11. O-O O-O 12. c4 Rd8 13. Rad1 c5 14. Qc2 Qe7 15. dxc5 Nxc5 {0-1 (30) Cornette,M (2578)-Feller,S (2576) Nimes 2009}) 10. O-O-O e5 11. Rhe1 Qe6 $146 (11... e4 $1 $11 {remains equal.} 12. Bxe4 Qe6) ({Predecessor:} 11... exd4 12. Bxd4 Qf4 13. Be3 Qf6 14. Kb1 Ne5 15. Bd4 Nxf3 16. gxf3 Qxf3 17. Rg1 g5 18. Rxg5+ {1-0 (18) Vasilescu,V (2085)-Filzmaier,B (1926) Vienna 2012}) 12. d5 (12. dxe5 $16 Nxe5 13. Nxe5 Bxe5 14. Kb1) 12... Qg4 {[#]} (12... Qe7 $11 {keeps the balance.}) 13. h3 $1 $36 {[%cal Rh3g4][%mdl 2048] White is in control.} Qa4 {And now ...e4 would win.} ({Don't go for} 13... Qxg2 $2 14. Nh4 $18) 14. Bxh6 gxh6 $4 {[%mdl 8192]} (14... f6 $16 {is more resistant.}) 15. Re4 $18 Qxe4 16. Bxe4 f5 (16... Nc5 $142 17. Re1 Kg7) 17. Qxh6 fxe4 18. Qg6+ Kh8 19. Ng5 {Precision: White = 71%, Black = 33%.} 1-0

[Event "Oslo Chess Festival 2017"]
[Site "Oslo"]
[Date "2017.09.29"]
[Round "1"]
[White "Cornette, Matthieu"]
[Black "Nilsen, Tobias Lang"]
[Result "1-0"]
[WhiteElo "2602"]
[BlackElo "1899"]
[Annotator "TA"]
[PlyCount "29"]
[EventDate "2017.??.??"]
[EventType "swiss"]
[EventCountry "NOR"]
[SourceTitle "playchess.com"]
[Source "ChessBase"]
[SourceQuality "1"]

{[%evp 14,29,25,-12,82,75,137,130,285,289,806,815,1855,1844,1847,1834,1803,1802]} 1. e4 c5 2. Nc3 d6 3. f4 g6 4. Nf3 Bg7 5. Bb5+ Bd7 6. Bc4 {B23: Closed Sicilian: Lines without g3} (6. Bxd7+ Qxd7 7. O-O Nc6 8. d3 e6 9. f5 Nge7 10. fxe6 fxe6 11. Ng5 Ne5 12. Nb5 Qxb5 13. Nxe6 Kd7 14. Nxg7 h5 15. a4 Qb6 16. a5 Qb5 {1-0 (28) Nisipeanu,L (2654)-So,W (2778) Dortmund 2015}) 6... e6 7. O-O Ne7 8. d3 {LiveBook: 4 Games. White has an edge.} a6 {[#]} (8... Nbc6 $11) 9. f5 $146 {Hoping for Ng5.} ({Predecessor:} 9. a4 Nbc6 10. Qe1 Nd4 11. Nxd4 Bxd4+ 12. Kh1 Bg7 13. f5 gxf5 14. exf5 {½-½ (72) Hrabusa,M (2306)-Bury,R (2159) Slovakia 2016}) 9... gxf5 ({Black should play} 9... h6) 10. Ng5 {Qh5 is the strong threat.} h5 $2 (10... h6 $16 {was necessary.} 11. Nxf7 Kxf7) 11. exf5 $18 {[%cal Be4f5,Bf5f6,Bf6g7][%mdl 32]} d5 $2 (11... Bd4+ 12. Kh1 d5) 12. f6 {White is clearly winning.} dxc4 13. fxg7 Rg8 14. Rxf7 Bc6 {[#]} 15. Rf8+ $1 {[%mdl 512] Precision: White = 84%, Black = 12%.} 1-0

[Event "Oslo Chess Festival 2017"]
[Site "Oslo"]
[Date "2017.09.29"]
[Round "1"]
[White "Stany, G A"]
[Black "Huse, Sigurd Kjelsbol"]
[Result "1-0"]
[WhiteElo "2491"]
[BlackElo "1876"]
[Annotator "TA"]
[PlyCount "34"]
[EventDate "2017.??.??"]
[EventType "swiss"]
[EventCountry "NOR"]
[SourceTitle "playchess.com"]
[Source "ChessBase"]
[SourceQuality "1"]

{[%evp 16,34,10,7,62,66,69,73,75,76,70,69,67,53,82,52,74,67,100,101,131]} 1. e4 e5 2. Nf3 Nf6 3. Nc3 Nc6 4. Bb5 Bb4 5. O-O O-O 6. d3 Bxc3 7. bxc3 d6 8. Bg5 Bd7 9. d4 exd4 {C49: Four Knights: 4 Bb5 Bb4} (9... a6 $11 10. Bd3 b5) (9... h6 10. Bh4 Qe7 11. Rb1 Bg4 12. h3 Bxf3 13. Qxf3 g5 14. Bg3 exd4 15. Bxc6 bxc6 16. Rbe1 Rae8 17. e5 {0-1 (39) Aravindh,C (2506)-Motylev,A (2655) Moscow 2016}) 10. cxd4 $14 h6 11. Bh4 $146 ({Predecessor:} 11. Bxf6 Qxf6 12. Re1 a6 13. Bxc6 Bxc6 14. e5 dxe5 15. dxe5 Qd8 16. Qxd8 Raxd8 17. Rad1 Rxd1 18. Rxd1 Be4 19. c4 Re8 20. Rd4 Bg6 21. Nh4 Rxe5 22. Nxg6 Re1# {0-1 (22) Dincok,G-Dincok,B Antalya 2002}) 11... Ne7 12. Bxd7 Nxd7 13. Re1 Re8 14. Rb1 Rb8 15. d5 Ne5 16. Nd4 N5g6 {[#]} 17. Bg3 $1 Qd7 1-0

[Event "Oslo Chess Festival 2017"]
[Site "Oslo"]
[Date "2017.09.29"]
[Round "1"]
[White "Notkevich, Benjamin Arvola"]
[Black "Ski, Jonathan K"]
[Result "1-0"]
[WhiteElo "2458"]
[BlackElo "1848"]
[Annotator "TA"]
[PlyCount "62"]
[EventDate "2017.??.??"]
[EventType "swiss"]
[EventCountry "NOR"]
[SourceTitle "playchess.com"]
[Source "ChessBase"]
[SourceQuality "1"]

{[%evp 15,62,11,31,29,56,28,33,31,58,56,56,56,62,37,55,52,52,-110,-112,-116,-115,-115,-118,-115,-116,-114,-111,-94,-93,-105,-88,-117,-52,-92,-80,-122,-106,-108,-129,-169,-100,-122,-14,-16,-16,-14,-8,-14,-4]} 1. d4 d5 2. c4 e6 3. Nc3 Nf6 4. cxd5 exd5 5. Bg5 Be7 6. e3 h6 7. Bh4 O-O 8. Bd3 Be6 9. Nge2 {D35: Queen's Gambit Declined: Exchange Variation} Nbd7 (9... c5 10. dxc5 Bxc5 11. O-O Nc6 12. Nf4 Bd6 13. Bxf6 Qxf6 14. Ncxd5 Bxd5 15. Nxd5 Qxb2 16. Rb1 Qxa2 17. Rxb7 {1-0 (30) Sasikiran,K (2652)-Bacrot,E (2729) Corsica 2005}) 10. Qc2 c5 11. O-O {White is slightly better.} Nh5 12. Bxe7 Qxe7 13. dxc5 Nxc5 14. Nd4 $146 ({Predecessor:} 14. Rfd1 Nxd3 15. Qxd3 Rfd8 16. Qb5 Nf6 {1-0 (61) Petrosian,T (2259)-Chokhonelidze,S (2067) Batumi 2003}) 14... Nxd3 15. Qxd3 a6 16. Nxd5 $2 (16. Rac1 $14 {keeps the upper hand.}) 16... Bxd5 $17 17. Nf5 {[#]} Qg5 $1 {[%csl Gd5][%cal Rg5g2]} 18. Qxd5 {f4 is the strong threat.} g6 19. Nxh6+ Qxh6 20. Qxb7 Qg5 21. b3 Ng7 22. Rac1 Ne6 23. Rfd1 Qb5 ({Black should try} 23... Qa5 $17 24. Rc2 Rad8) 24. Qe4 Rfd8 25. h4 Qe2 26. Rxd8+ Rxd8 27. Rc2 Qd1+ 28. Kh2 Qd3 (28... Qb1 $17 29. Kg3 Qg1) 29. Qxd3 $11 {The position is equal.} Rxd3 30. g4 Kf8 31. Kg3 Ke7 {[%mdl 32768] Precision: White = 51%, Black = 31%. . Sensor Board Error (Ke4/e5)?} 1-0

[Event "Oslo Chess Festival 2017"]
[Site "Oslo"]
[Date "2017.09.29"]
[Round "1"]
[White "Ostenstad, Berge"]
[Black "Kvendseth, Thyra"]
[Result "1-0"]
[WhiteElo "2447"]
[BlackElo "1810"]
[Annotator "TA"]
[PlyCount "107"]
[EventDate "2017.??.??"]
[EventType "swiss"]
[EventCountry "NOR"]
[SourceTitle "playchess.com"]
[Source "ChessBase"]
[SourceQuality "1"]

{[%evp 20,107,102,105,112,100,117,106,146,152,158,106,106,106,101,102,112,110,112,123,112,122,114,101,111,103,114,118,124,131,129,125,207,223,216,224,245,220,306,300,316,304,299,231,508,449,432,438,495,492,626,624,569,281,259,261,348,365,372,342,375,357,423,444,431,403,473,0,391,400,470,442,447,437,581,566,578,499,610,625,617,606,586,542,785,760,955,945,969,964]} 1. d4 Nf6 2. c4 g6 3. Nc3 Bg7 4. e4 d6 5. Nf3 O-O 6. Be2 Nbd7 7. O-O e5 8. Be3 c6 9. d5 c5 10. Bg5 {E94: King's Indian: Classical: 6 Be2 e5 7 0-0: Various Black 7th moves} (10. Ne1 h5 11. Bg5 a6 12. Nd3 Qe8 13. a3 Nh7 14. Bd2 h4 15. b4 b6 16. Rb1 f5 17. f3 Ndf6 18. bxc5 bxc5 {½-½ (34) Wojtaszek,R (2734)-Onischuk,V (2612) Berlin 2015}) 10... h6 11. Bd2 {LiveBook: 3 Games} Nh7 12. Qc1 {White is better.} g5 13. Ne1 {[%cal Bf3e1,Be1c2,Bc2e3][%mdl 32]} f5 $146 {[#]} ({Predecessor:} 13... Ndf6 14. Nc2 Kh8 15. h3 Rg8 16. Qd1 Nf8 17. Ne3 Ng6 {½-½ (55) Kryschilovskij,A (2339)-Utkin,A (2374) St Petersburg 2007}) 14. exf5 $1 Rxf5 15. Bg4 (15. Nc2 $142) 15... Rf8 $16 16. Nc2 Nhf6 17. Be6+ Kh8 18. Ne3 Nb6 19. Bxc8 Nxc8 20. Qc2 Ne7 21. a3 Qd7 22. b4 b6 23. bxc5 bxc5 24. Rab1 Rab8 25. h3 Nh5 (25... g4 $16) 26. Rxb8 $18 Rxb8 27. Rb1 Rxb1+ 28. Qxb1 ({Weaker is} 28. Nxb1 Nf6 $16) 28... Nf4 29. Qb8+ Kh7 30. Ne4 Nc8 31. Kh2 Bh8 $2 {[#]} (31... Ne2 32. Ng4 Qf5) 32. Ba5 Bg7 33. Bc7 Nd3 34. Kg1 Kg6 35. Bxd6 Nxd6 36. Qxd6+ (36. Nxd6 $142 Qe7 37. Ne4) 36... Qxd6 37. Nxd6 {[%mdl 4096] Endgame KBN-KNN} Bf6 38. Ne4 Bd8 39. Kf1 Ba5 40. g3 h5 41. Ke2 Nc1+ 42. Kd1 Nd3 43. Ke2 Nc1+ 44. Kf3 Nd3 45. Nd1 {White is clearly winning.} Bb6 46. Ke3 Nc1 47. Nb2 Kf5 48. Nd6+ Kf6 49. g4 hxg4 50. hxg4 Nb3 51. Ne4+ Kg6 52. Nd3 Bc7 53. d6 Bd8 54. Nxe5+ {Precision: White = 80%, Black = 33%.} 1-0

[Event "Oslo Chess Festival 2017"]
[Site "Oslo"]
[Date "2017.09.29"]
[Round "1"]
[White "Djurhuus, Rune"]
[Black "Svanholm, Borge Waaktaar"]
[Result "1-0"]
[WhiteElo "2417"]
[BlackElo "1806"]
[Annotator "TA"]
[PlyCount "60"]
[EventDate "2017.??.??"]
[EventType "swiss"]
[EventCountry "NOR"]
[SourceTitle "playchess.com"]
[Source "ChessBase"]
[SourceQuality "1"]

{[%evp 16,60,25,14,43,48,35,33,94,57,59,64,81,62,64,48,95,85,92,99,85,86,110,73,218,218,308,289,272,287,407,309,442,352,341,352,320,216,367,303,396,368,352,331,2110,2097,2065]} 1. e4 e6 2. d4 d5 3. e5 c5 4. c3 Nc6 5. Nf3 Bd7 6. Bd3 Qb6 7. dxc5 Bxc5 8. O-O a5 9. Nbd2 a4 {C02: French: Advance Variation} (9... f6 10. Qe2 fxe5 11. Nxe5 Nxe5 12. Qxe5 Nf6 13. Nf3 O-O 14. Qe2 Bd6 15. Ne5 Rae8 16. Be3 Qc7 17. Bd4 {1-0 (57) Hector,J (2499)-Merriman,J (2253) London 2015}) 10. b4 axb3 $1 11. Nxb3 Bf8 ({Better is} 11... Nge7 $14) 12. Nbd4 $146 ({Predecessor:} 12. Qe2 Nge7 13. Rb1 Nc8 14. Be3 Qc7 15. Nc5 Bxc5 16. Bxc5 b6 17. Bd4 h6 18. c4 {½-½ (18) Nicholson,J (1945)-Collier,D (2175) Port Erin 2006}) 12... Nxd4 13. Nxd4 Ne7 14. Be3 Qc7 15. f4 $36 {[%mdl 2048] White is pushing.} Nc6 16. Nb5 Qa5 17. a4 Be7 18. Qh5 g6 19. Qh6 O-O-O (19... Bf8 $16 {is a better defense.} 20. Qh4 Be7) 20. Rfb1 $18 Rdf8 (20... Kb8 $142 21. Qh3 Rc8) 21. Kh1 Kb8 22. Qh3 Bc8 (22... f6 $142 23. Nd6 Bxd6 24. exd6 g5 25. fxg5 fxg5) 23. Qg3 Bd8 (23... f6 $142 24. exf6 Bxf6 25. f5+ e5) 24. Bc5 {[#] aiming for Bd6+.} Be7 25. Bxe7 Nxe7 26. Qe3 Nc6 $2 (26... Rd8 {was worth a try.} 27. Ra3 Rd7) 27. Nd6 Qa7 28. Qe2 Na5 29. Rb4 Kc7 $2 {[#]} (29... Bd7 30. c4 Rc8 31. cxd5 exd5) 30. Nb5+ Kb8 {Precision: White = 83%, Black = 21%.} 1-0

[Event "Oslo Chess Festival 2017"]
[Site "Oslo"]
[Date "2017.09.29"]
[Round "1"]
[White "Vogt, Lothar"]
[Black "Aure, Anders Nilsson"]
[Result "1-0"]
[WhiteElo "2401"]
[BlackElo "1803"]
[Annotator "ChessBase"]
[PlyCount "95"]
[EventDate "2017.??.??"]
[EventType "swiss"]
[EventCountry "NOR"]
[SourceTitle "playchess.com"]
[Source "ChessBase"]
[SourceQuality "1"]
[TimeControl "5400+30"]

1. e4 {[%emt 0:00:03]} c5 {[%emt 0:00:06]} 2. Nf3 {[%emt 0:00:06]} d6 {[%emt 0:00:06]} 3. d4 {[%emt 0:00:24]} Nf6 {[%emt 0:00:07]} 4. Nc3 {[%emt 0:00:08]} cxd4 {[%emt 0:00:05]} 5. Nxd4 {[%emt 0:00:06]} g6 {[%emt 0:00:08]} 6. Be2 {[%emt 0:01:54]} Bg7 {[%emt 0:00:25]} 7. O-O {[%emt 0:00:05]} O-O {[%emt 0:00:20]} 8. Re1 {[%emt 0:00:49]} Nc6 {[%emt 0:02:01]} 9. Nb3 {[%emt 0:00:04]} Be6 {[%emt 0:06:59]} 10. Bf1 {[%emt 0:04:12]} Rc8 {[%emt 0:11:48]} 11. Nd5 {[%emt 0:02:14]} Bxd5 {[%emt 0:05:01]} 12. exd5 {[%emt 0:00:12]} Ne5 {[%emt 0:00:15]} 13. Be3 {[%emt 0:04:01]} a6 {[%emt 0:07:54]} 14. c3 {[%emt 0:05:00]} Re8 {[%emt 0:04:29]} 15. a4 {[%emt 0:04:59]} Nc4 {[%emt 0:04:00]} 16. Bxc4 {[%emt 0:01:08]} Rxc4 {[%emt 0:00:05]} 17. Qd3 {[%emt 0:04:28]} Rc8 {[%emt 0:00:51]} 18. Bd4 {[%emt 0:02:55]} Nd7 {[%emt 0:05:58]} 19. Bxg7 {[%emt 0:08:27]} Kxg7 {[%emt 0:00:44]} 20. Re4 {[%emt 0:01:44]} Ne5 {[%emt 0:09:49]} 21. Qe2 {[%emt 0:02:43]} Qb6 {[%emt 0:03:43]} 22. Rb4 {[%emt 0:01:57]} Qc7 {[%emt 0:01:20]} 23. Nd2 {[%emt 0:04:31]} Rb8 {[%emt 0:04:55]} 24. h3 {[%emt 0:06:27]} Qc5 {[%emt 0:02:49]} 25. Qe4 {[%emt 0:02:43]} f5 {[%emt 0:05:03]} 26. Qd4 {[%emt 0:00:04]} Qxd4 {[%emt 0:00:07]} 27. Rxd4 {[%emt 0:00:26]} b5 {[%emt 0:01:46]} 28. axb5 {[%emt 0:03:46]} axb5 {[%emt 0:00:15]} 29. b3 {[%emt 0:06:59]} Rec8 {[%emt 0:03:50]} 30. f4 {[%emt 0:00:55]} Nf7 {[%emt 0:00:47]} 31. Rd3 {[%emt 0:02:05]} Ra8 {[%emt 0:01:01]} 32. Re1 {[%emt 0:01:59]} Ra7 {[%emt 0:02:03]} 33. Nf3 {[%emt 0:01:13]} Rac7 {[%emt 0:03:26]} 34. Ree3 {[%emt 0:00:37]} Rb8 {[%emt 0:03:59]} 35. Nd4 {[%emt 0:01:34]} Nd8 {[%emt 0:00:05]} 36. Kf2 {[%emt 0:05:33]} Kf7 {[%emt 0:01:40]} 37. g4 {[%emt 0:00:49]} Ra7 {[%emt 0:01:16]} 38. gxf5 {[%emt 0:00:54]} Ra2+ {[%emt 0:00:19]} 39. Re2 {[%emt 0:01:25]} Rxe2+ {[%emt 0:00:36]} 40. Kxe2 {[%emt 0:00:07]} gxf5 {[%emt 0:01:51]} 41. Nxf5 {[%emt 0:00:10]} Kf6 {[%emt 0:00:40]} 42. Nd4 {[%emt 0:00:47]} Nb7 {[%emt 0:03:20]} 43. b4 {[%emt 0:00:23]} Nd8 {[%emt 0:00:20]} 44. Re3 {[%emt 0:03:53]} Rb7 {[%emt 0:00:25]} 45. Kd3 {[%emt 0:00:35]} Kf7 {[%emt 0:01:21]} 46. Re2 {[%emt 0:00:47]} Kg6 {[%emt 0:02:13]} 47. Ra2 {[%emt 0:01:22]} Nf7 {[%emt 0:02:26]} 48. Ra5 {[%emt 0:00:24]} 1-0

[Event "Oslo Chess Festival 2017"]
[Site "Oslo"]
[Date "2017.09.29"]
[Round "1"]
[White "Haug, Johannes"]
[Black "Sidali, Elias Hulleberg"]
[Result "1-0"]
[WhiteElo "2379"]
[BlackElo "1763"]
[Annotator "NA"]
[PlyCount "52"]
[EventDate "2017.??.??"]
[EventType "swiss"]
[EventCountry "NOR"]
[SourceTitle "playchess.com"]
[Source "ChessBase"]
[SourceQuality "1"]
[TimeControl "5400+30"]

1. d4 {[%emt 0:00:02]} Nf6 {[%emt 0:00:21]} 2. c4 {[%emt 0:02:03]} e6 {[%emt 0:00:11]} 3. Nf3 {[%emt 0:00:08]} b6 {[%emt 0:00:06]} 4. g3 {[%emt 0:00:21]} Bb7 {[%emt 0:00:09]} 5. Bg2 {[%emt 0:00:12]} Bb4+ {[%emt 0:00:10]} 6. Bd2 {[%emt 0:00:26]} Bxd2+ {[%emt 0:01:10]} 7. Qxd2 {[%emt 0:02:52]} O-O {[%emt 0:00:28]} 8. O-O {[%emt 0:01:03]} d6 {[%emt 0:00:50]} 9. Qc2 {[%emt 0:03:27]} Nbd7 {[%emt 0:02:22]} 10. Nc3 {[%emt 0:00:29]} e5 {[%emt 0:00:33]} 11. e4 {[%emt 0:03:29]} Re8 {[%emt 0:02:04]} 12. Rfe1 {[%emt 0:01:11]} Qe7 {[%emt 0:03:21]} 13. Nd5 {[%emt 0:02:48]} Qd8 {[%emt 0:00:31]} 14. Rad1 {[%emt 0:04:15]} exd4 {[%emt 0:01:36]} 15. Nxd4 {[%emt 0:00:11]} Nxd5 {[%emt 0:01:06]} 16. cxd5 {[%emt 0:01:21]} a5 {[%emt 0:00:30]} 17. b3 {[%emt 0:02:58]} Nc5 {[%emt 0:00:16]} 18. a3 {[%emt 0:01:24]} Qd7 {[%emt 0:15:08]} 19. b4 {[%emt 0:04:12]} axb4 {[%emt 0:00:29]} 20. axb4 {[%emt 0:00:07]} Na4 {[%emt 0:00:16]} 21. Rc1 {[%emt 0:08:09]} Rec8 {[%emt 0:01:02]} 22. h4 {[%emt 0:01:07]} b5 {[%emt 0:00:45]} 23. Kh2 {[%emt 0:01:23]} Nb6 {[%emt 0:02:25]} 24. Bh3 {[%emt 0:01:26]} Qe8 {[%emt 0:00:31]} 25. Bxc8 {[%emt 0:00:59]} Rxc8 {[%emt 0:01:09]} 26. Qe2 {[%emt 0:01:27]} Nc4 {[%emt 0:00:04]} 1-0

[Event "Oslo Chess Festival 2017"]
[Site "Oslo"]
[Date "2017.09.29"]
[Round "1"]
[White "Devereaux, Maxim L"]
[Black "Ali, Karim"]
[Result "1-0"]
[WhiteElo "2357"]
[BlackElo "1755"]
[Annotator "NA"]
[PlyCount "53"]
[EventDate "2017.??.??"]
[EventType "swiss"]
[EventCountry "NOR"]
[SourceTitle "playchess.com"]
[Source "ChessBase"]
[SourceQuality "1"]
[TimeControl "5400+30"]

1. c4 {[%emt 0:00:12]} Nf6 {[%emt 0:00:10]} 2. Nc3 {[%emt 0:00:10]} e6 {[%emt 0:00:08]} 3. e4 {[%emt 0:01:08]} d5 {[%emt 0:02:48]} 4. e5 {[%emt 0:02:27]} Ng8 {[%emt 0:00:19]} 5. d4 {[%emt 0:01:48]} c6 {[%emt 0:05:36]} 6. Nf3 {[%emt 0:02:11]} Nd7 {[%emt 0:01:03]} 7. cxd5 {[%emt 0:03:37]} exd5 {[%emt 0:01:23]} 8. Bd3 {[%emt 0:00:30]} Be7 {[%emt 0:00:36]} 9. O-O {[%emt 0:00:50]} Nf8 {[%emt 0:00:15]} 10. h3 {[%emt 0:05:45]} Nh6 {[%emt 0:01:40]} 11. Qc2 {[%emt 0:00:40]} Qd7 {[%emt 0:05:38]} 12. Bg5 {[%emt 0:05:45]} Bxg5 {[%emt 0:03:45]} 13. Nxg5 {[%emt 0:02:08]} Nf5 {[%emt 0:00:17]} 14. e6 {[%emt 0:04:06]} fxe6 {[%emt 0:00:26]} 15. Bxf5 {[%emt 0:00:36]} exf5 {[%emt 0:00:20]} 16. Rfe1+ {[%emt 0:04:00]} Kd8 {[%emt 0:01:11]} 17. Re2 {[%emt 0:03:59]} h6 {[%emt 0:00:29]} 18. Nf3 {[%emt 0:00:05]} Ng6 {[%emt 0:03:05]} 19. Rae1 {[%emt 0:00:49]} Qf7 {[%emt 0:02:51]} 20. Ne5 {[%emt 0:05:13]} Nxe5 {[%emt 0:03:30]} 21. Rxe5 {[%emt 0:00:06]} Bd7 {[%emt 0:01:11]} 22. Qb3 {[%emt 0:04:21]} Rb8 {[%emt 0:05:30]} 23. Qa3 {[%emt 0:00:51]} Kc7 {[%emt 0:12:52]} 24. Re7 {[%emt 0:01:19]} Qf6 {[%emt 0:02:07]} 25. Qa5+ {[%emt 0:02:00]} Kc8 {[%emt 0:04:34]} 26. Nb5 {[%emt 0:05:16]} b6 {[%emt 0:16:08]} 27. Qa6+ {[%emt 0:00:22]} 1-0

[Event "Oslo Chess Festival 2017"]
[Site "Oslo"]
[Date "2017.09.29"]
[Round "1"]
[White "Chu, Wei Chao"]
[Black "Roque Sola, Maria Fernanda"]
[Result "1-0"]
[WhiteElo "2340"]
[BlackElo "1746"]
[Annotator "ChessBase"]
[PlyCount "69"]
[EventDate "2017.??.??"]
[EventType "swiss"]
[EventCountry "NOR"]
[SourceTitle "playchess.com"]
[Source "ChessBase"]
[SourceQuality "1"]
[TimeControl "5400+30"]

1. Nf3 {[%emt 0:00:05]} c5 {[%emt 0:00:15]} 2. e4 {[%emt 0:00:16]} Nc6 {[%emt 0:00:18]} 3. Bb5 {[%emt 0:00:08]} g6 {[%emt 0:00:33]} 4. O-O {[%emt 0:00:13]} Bg7 {[%emt 0:01:01]} 5. Re1 {[%emt 0:00:07]} e5 {[%emt 0:03:37]} 6. Bxc6 {[%emt 0:00:16]} bxc6 {[%emt 0:00:10]} 7. d3 {[%emt 0:03:05]} Qb6 {[%emt 0:11:10]} 8. Na3 {[%emt 0:02:10]} Ne7 {[%emt 0:07:59]} 9. Nc4 {[%emt 0:01:44]} Qc7 {[%emt 0:04:39]} 10. Be3 {[%emt 0:01:15]} d6 {[%emt 0:04:31]} 11. a3 {[%emt 0:00:33]} a5 {[%emt 0:06:49]} 12. Qd2 {[%emt 0:00:59]} O-O {[%emt 0:03:03]} 13. b4 {[%emt 0:00:50]} axb4 {[%emt 0:10:22]} 14. axb4 {[%emt 0:00:13]} Rxa1 {[%emt 0:12:07]} 15. Rxa1 {[%emt 0:00:25]} d5 {[%emt 0:01:21]} 16. Na5 {[%emt 0:00:10]} d4 {[%emt 0:03:49]} 17. Bh6 {[%emt 0:03:00]} cxb4 {[%emt 0:01:11]} 18. Bxg7 {[%emt 0:00:28]} Kxg7 {[%emt 0:00:03]} 19. Qxb4 {[%emt 0:00:06]} c5 {[%emt 0:02:00]} 20. Qa3 {[%emt 0:00:52]} Bg4 {[%emt 0:00:47]} 21. Nd2 {[%emt 0:00:31]} Ra8 {[%emt 0:00:48]} 22. Ndb3 {[%emt 0:00:05]} Rc8 {[%emt 0:10:10]} 23. Nc4 {[%emt 0:00:40]} Be6 {[%emt 0:01:37]} 24. Qa6 {[%emt 0:00:34]} Rb8 {[%emt 0:03:42]} 25. h3 {[%emt 0:02:53]} Rb4 {[%emt 0:02:54]} 26. Nba5 {[%emt 0:05:26]} Bxc4 {[%emt 0:02:45]} 27. Nxc4 {[%emt 0:00:06]} Nc8 {[%emt 0:00:29]} 28. Qa5 {[%emt 0:05:16]} Nb6 {[%emt 0:02:01]} 29. g3 {[%emt 0:01:23]} h6 {[%emt 0:01:28]} 30. Kg2 {[%emt 0:00:09]} h5 {[%emt 0:01:51]} 31. h4 {[%emt 0:00:12]} Kg8 {[%emt 0:00:57]} 32. Nd2 {[%emt 0:01:24]} Rb2 {[%emt 0:01:13]} 33. Nf3 {[%emt 0:00:23]} Rxc2 {[%emt 0:01:02]} 34. Rb1 {[%emt 0:00:06]} Nd5 {[%emt 0:00:32]} 35. Qa8+ {[%emt 0:00:06]} 1-0

[Event "Oslo Chess Festival 2017"]
[Site "Oslo"]
[Date "2017.09.29"]
[Round "1"]
[White "Mikalsen, Erlend"]
[Black "Schouten, Mathias Lind"]
[Result "1-0"]
[WhiteElo "2322"]
[BlackElo "1718"]
[Annotator "NA"]
[PlyCount "71"]
[EventDate "2017.??.??"]
[EventType "swiss"]
[EventCountry "NOR"]
[SourceTitle "playchess.com"]
[Source "ChessBase"]
[SourceQuality "1"]
[TimeControl "5400+30"]

1. e4 {[%emt 0:00:02]} e5 {[%emt 0:00:25]} 2. Nf3 {[%emt 0:00:06]} Nc6 {[%emt 0:00:11]} 3. Bb5 {[%emt 0:00:05]} f5 {[%emt 0:00:28]} 4. Nc3 {[%emt 0:02:14]} fxe4 {[%emt 0:06:44]} 5. Nxe4 {[%emt 0:00:15]} Nf6 {[%emt 0:00:09]} 6. Nxf6+ {[%emt 0:00:51]} Qxf6 {[%emt 0:00:48]} 7. O-O {[%emt 0:00:48]} d6 {[%emt 0:01:45]} 8. d4 {[%emt 0:01:20]} Bd7 {[%emt 0:16:03]} 9. Re1 {[%emt 0:01:23]} Be7 {[%emt 0:12:30]} 10. Bg5 {[%emt 0:00:56]} Qf5 {[%emt 0:03:45]} 11. Bxe7 {[%emt 0:00:34]} e4 {[%emt 0:09:12]} 12. Bxc6 {[%emt 0:01:28]} bxc6 {[%emt 0:03:19]} 13. Bh4 {[%emt 0:00:24]} d5 {[%emt 0:00:46]} 14. Ne5 {[%emt 0:01:05]} O-O {[%emt 0:01:15]} 15. Nxd7 {[%emt 0:00:13]} Qxd7 {[%emt 0:00:09]} 16. Bg3 {[%emt 0:00:08]} Rab8 {[%emt 0:00:15]} 17. b3 {[%emt 0:00:04]} Rf7 {[%emt 0:00:36]} 18. Rc1 {[%emt 0:00:47]} Rf6 {[%emt 0:01:09]} 19. c4 {[%emt 0:00:07]} Rc8 {[%emt 0:00:14]} 20. Qd2 {[%emt 0:00:46]} a6 {[%emt 0:00:58]} 21. Qa5 {[%emt 0:00:27]} dxc4 {[%emt 0:01:27]} 22. Rxc4 {[%emt 0:00:03]} Qd5 {[%emt 0:00:13]} 23. Qxa6 {[%emt 0:01:43]} Rcf8 {[%emt 0:00:35]} 24. Qa7 {[%emt 0:00:20]} Qf5 {[%emt 0:00:32]} 25. Rcc1 {[%emt 0:00:43]} e3 {[%emt 0:00:39]} 26. Rxe3 {[%emt 0:00:56]} Qg5 {[%emt 0:00:27]} 27. Rce1 {[%emt 0:00:43]} h5 {[%emt 0:00:42]} 28. h4 {[%emt 0:00:05]} Qg4 {[%emt 0:00:29]} 29. Qxc7 {[%emt 0:00:24]} Rg6 {[%emt 0:00:29]} 30. Re4 {[%emt 0:00:31]} Qf5 {[%emt 0:00:39]} 31. Rf4 {[%emt 0:00:06]} Qd5 {[%emt 0:02:22]} 32. Rxf8+ {[%emt 0:00:07]} Kxf8 {[%emt 0:00:15]} 33. Qc8+ {[%emt 0:00:04]} Kf7 {[%emt 0:00:15]} 34. Qe8+ {[%emt 0:00:03]} Kf6 {[%emt 0:00:13]} 35. Qe7+ {[%emt 0:01:19]} Kf5 {[%emt 0:00:06]} 36. Qf8+ {[%emt 0:00:10]} 1-0